|
|
|
|
| LEADER |
00000nam0a2200000 4500 |
| 001 |
257755 |
| 005 |
20231101233232.0 |
| 035 |
|
|
|a (RuTPU)RU\TPU\book\280572
|
| 090 |
|
|
|a 257755
|
| 100 |
|
|
|a 20140418d1987 k y0rusy5003 ca
|
| 101 |
0 |
|
|a rus
|
| 102 |
|
|
|a UA
|
| 105 |
|
|
|a a z 001zy
|
| 200 |
1 |
|
|a Аморфные металлические сплавы
|f В. В. Немошкаленко [и др.]
|g Академия наук Украинской ССР (АН УССР), Институт металлофизики
|
| 210 |
|
|
|a Киев
|c Наукова думка
|d 1987
|
| 215 |
|
|
|a 248 с.
|c ил.
|
| 300 |
|
|
|a Авт. указаны на обороте тит. л.
|
| 320 |
|
|
|a Библиогр.: с. 219-244
|
| 606 |
1 |
|
|a Сплавы
|x Физика
|2 stltpush
|3 (RuTPU)RU\TPU\subj\55940
|9 73892
|
| 610 |
1 |
|
|a аморфные сплавы
|
| 610 |
1 |
|
|a металлические сплавы
|
| 610 |
1 |
|
|a электронная структура
|
| 610 |
1 |
|
|a атомная структура
|
| 610 |
1 |
|
|a кристаллизация
|
| 610 |
1 |
|
|a термодинамическая устойчивость
|
| 610 |
1 |
|
|a поверхности
|
| 610 |
1 |
|
|a физико-химические свойства
|
| 610 |
1 |
|
|a аморфное состояние
|
| 675 |
|
|
|a 669.018:53
|z rus
|v 4
|
| 701 |
|
1 |
|a Немошкаленко
|b В. В.
|g Владимир Владимирович
|
| 701 |
|
1 |
|a Романова
|b А. В.
|g Александра Васильевна
|
| 701 |
|
1 |
|a Ильинский
|b А. Г.
|g Александр Георгиевич
|
| 701 |
|
1 |
|a Маслов
|b В. В.
|
| 712 |
0 |
2 |
|a Академия наук Украинской ССР (АН УССР)
|b Институт металлофизики
|2 stltpush
|3 (RuTPU)RU\TPU\col\12899
|
| 801 |
|
0 |
|a RU
|b RuMRKP
|c 19960705
|g psbo
|
| 801 |
|
1 |
|a RU
|b 63413507
|c 20140418
|
| 801 |
|
2 |
|a RU
|b 63413507
|c 20170724
|g RCR
|
| 942 |
|
|
|c BK
|